000 01383nam a22003254c 4500
001 196802
003 ES-MaACL
005 20250811094327.0
008 241206s2024 sp | |||| 000 spa
015 _aMON24
017 _aB 20583-2023
_bOficina Depósito Legal Barcelona
020 _a9788408282310
035 _a(SpMaBN)a7426554
040 _aSpMaBN
_bspa
_cSpMaBN
_erda
100 1 _aMillan, José Alberto
_9239347
_eaut
245 1 0 _aAstrología para el nuevo orden mundial :
_blas claves astrólogicas que marcarán el rumbo geopolítico /
_cJosé Millán.
250 _aPrimera edición: enero 2024
264 _bEditorial Planeta, S. A.
_a©2024
300 _a254 páginas ;
_c23 cm
336 _aTexto
_2rdacontent
337 _asin mediación
_2rdamedia
338 _avolumen
_2rdacarrier
650 7 _aAstrología
_2embne
_910384
852 _aES-MaACL
_cDEPOJ
_jN-10238
_gDedicatoria autógrafa del autor
_hDonación: José Alberto Millán
_xEncuadernación rústica con solapas
_9206364
903 _9239347
_aMillan, José Alberto
_ednr
942 _cMONOGRAFIA
_n0
999 _c196802
_d196802